000 00799nam a22002655i 4500
001 11443
003 ES-MaACL
005 20230906150113.0
007 t|
008 921119s1992 sp ||||0| spa j
020 _a84-7100-291-4
040 _aM-BN
_bspa
_cM-BN
080 _a908(871 C.)
100 1 _aTroconis de Veracoechea, Ermila.
_9111478
245 1 0 _aCaracas /
_cErmila Troconis de Veracoechea.
260 _aMadrid :
_bMAPFRE,
_cD.L. 1992.
300 _a349 p :
_bil ;
_c23 cm.
490 1 _aColección Ciudades de Iberoamérica ;
_v2
500 _aIndices.
504 _aBibliografía: p. 321-335.
651 4 _aCaracas-
_xDescripción.
_97966
830 0 _aColección Ciudades de Iberoamérica ;
_v2
_9179074
852 _aES-MaACL
_jL-18768
_bR.124048
999 _c11443
_d11443